000 01095nam a2200301 c 4500
003 BLK
005 20180422114557.0
008 180411b bul|||||r ||||||| ||bul||
010 _aKNG00181509000
040 _aBLK
041 _aBUL
_cBUL
080 _aБългарска литература
_b821.163.2
_x-94
_z821.163.2-94
100 1 _aСпасов, Спас
_eпърви автор
_9369723
700 1 _aКоларова, Иванка Димитрова
_eлит. обраб.
_9382984
139 _aСпасов, Спас
_bС 55
245 1 0 _aМорякът в пустинята
_bСпомени
_cСпас Спасов; лит. обраб. Иванка Димитрова Коларова.
257 _aBGR
260 София
_bДърж. воен. изд.
_c1961
300 _a292 с.
_c25 см
380 _aX
500 _aАвт. не е даден на кор. - 5 100 тир.
653 _aспомени
852 _aЦб 18614
856 4 _qpdf
_u
856 4 _qpdf
_u
942 _cKNG
_n0
944 _aCR
_c10.09.2015
_kЕлица_Владова
944 _aED
_c25.09.2017
_kВася_Ганчева
999 _c173128
_d173128